000 00354nam a2200133Ia 4500
008 231129s9999||||xx |||||||||||||| ||spa||
020 _a958-042526-4
040 _bspa
082 _aCo863 M992t
100 _aMutis Alvaro
245 0 _aTriptico de mar y tierra Alvaro Mutis
264 _aNorma
942 _2ddc
_cBKS
999 _c25706
_d25706